LEADER 00918nam a2200253 i 4500 001 000000158480 003 CaOOAMICUS 005 20070208000000.0 008 070208s1974 it u000 u ita u 013 $a135843 040 $aSeMil$bita 100 1 $aCavalcaselle, G. B.$0(OLS)http://semarc/name/5703 245 10$aVol. 2. 300 $aXIV, 654 p. :$bill. 490 0 $aSuperbiblioteca Sansoni 500 $aRistampa anastatica dell'Ed. Le Monnier del 1878. - Fondo Ciprandi. 700 1 $aCrowe, J. A.$0(OLS)http://semarc/name/5704 773 0 $aCavalcaselle, G. B.$tTiziano.$dFirenze : Sansoni, copyr. 1974.$w()17211 830 0$aSuperbiblioteca Sansoni.$0(OLS)http://semarc/title/22765 850 $aSeMil 852 $aSeMil$W1$xVenegono$y1$m5L I 38$j110131$B110131$CSeMilBibl$Z2$F119768 $81 941 1 $a1 961 $aOmaggio: Ciprandi dott. Paolo 996 $6245$aVol. 2$9(OLS)http://semarc/title/13458 LEADER 01368nam a2200313 i 4500 001 000000038004 003 CaOOAMICUS 005 20060529000000.0 008 060529s1992 it u000 u ita u 013 $a8409 020 $a88-311-3096-X 040 $aSeMil$bita 100 0 $aHieronymus,$c.$0(OLS)http://semarc/name/471 245 10$aCommento al libro di Giona /$cGirolamo ; traduzione, introduzione e note a cura di Nicoletta Pavia. 260 $aRoma :$bCittà Nuova,$ccopyr. 1992. 300 $a112 p. ;$c21 cm. 490 0 $aCollana di testi patristici ;$v96 650 4$aPatristica - Scrittori latini.$0(OLS)http://semarc/subject/112 650 4$aBibbia. Antico Testamento. Giona - Commentari, studi, critica, interpretazioni.$0(OLS)http://semarc/subject/3616 700 1 $aPavia, Nicoletta.$0(OLS)http://semarc/name/18205 830 0$aCollana di testi patristici ;$v96.$0(OLS)http://semarc/title/2 850 $aSeMil 852 $aSeMil$W1$xVenegono$y1$m2U III 196$j4159$B4159$CSeMilBibl$Z2$F4159 $81 900 0 $aGirolamo$c. 961 $aAcquisto: Città Nuova 996 $6020$a88-311-3096-X$9(OLS)http://semarc/number/7157 996 $6245$aCommento al libro di Giona$9(OLS)http://semarc/title/53464 996 $6260$aRoma :$bCittà Nuova$9(OLS)http://semarc/publisher/29609